Tableau périodique des éléments- Métalloïde - Statistiques

Statistiques générales
  • Ce quiz a été pris 54 fois
  • Le résultat moyen est 5 sur 7
Statistiques - réponses
Métalloïdes % Correct
Bore
83%
Silicium
73%
Antimoine
70%
Germanium
70%
Arsenic
67%
Tellure
67%
Polonium
57%
Aucun quiz correspondant
Distribution des résultats
% des personnes avec chaque résultat
Percentile par nombre de réponses
Votre historique - résultats
Vous n’avez pas pris ce quiz